Estatísticas para 5 países aleatórios no mapa mundial em 15 segundos

Clique aqui para jogar o quiz

Estatísticas Gerais

  • Esse quiz foi jogado 380 vezes
  • A pontuação média é 3 de 5

Respostas no mapa

Respostas codificadas por cores de uma escala verde-vermelha no mapa do quiz de acordo com a % correta abaixo.
 

Estatísticas das Respostas

país% Correto
Afeganistão
100%
África do Sul
100%
Angola
100%
Arábia Saudita
100%
Austrália
100%
Bahamas
100%
Barbados
100%
Benim
100%
Bielorrússia
100%
Bósnia e Herzegovina
100%
Botswana
100%
Brasil
100%
Butão
100%
Cabo Verde
100%
Canadá
100%
China
100%
Chipre
100%
Congo
100%
Coreia do Norte
100%
Costa Rica
100%
Croácia
100%
Dinamarca
100%
Djibouti
100%
Egito
100%
Equador
100%
Eritreia
100%
Essuatíni
100%
Estados Unidos
100%
Etiópia
100%
Filipinas
100%
Finlândia
100%
França
100%
Gana
100%
Geórgia
100%
Grécia
100%
Guiana
100%
Guiné
100%
Iémen
100%
Iraque
100%
Irlanda
100%
Islândia
100%
Israel
100%
Kiribati
100%
Kuweit
100%
Lesoto
100%
Letónia
100%
Líbia
100%
Madagáscar
100%
Mali
100%
Maurícia
100%
Mauritânia
100%
Micronésia
100%
Moçambique
100%
Mongólia
100%
Montenegro
100%
Namíbia
100%
Nauru
100%
Nepal
100%
Nicarágua
100%
Países Baixos
100%
Panamá
100%
Paraguai
100%
Peru
100%
Portugal
100%
Quênia
100%
Reino Unido
100%
Rep Dem Congo
100%
Rússia
100%
San Marino
100%
Seychelles
100%
Singapura
100%
Síria
100%
Somália
100%
Sri Lanka
100%
Sudão
100%
Sudão do Sul
100%
Timor-Leste
100%
Togo
100%
Turquia
100%
Ucrânia
100%
Uganda
100%
Uruguai
100%
Vaticano
100%
Mônaco
75%
Sérvia
75%
Azerbaijão
67%
Bangladesh
67%
Cuba
67%
Honduras
67%
Itália
67%
Liechtenstein
67%
Luxemburgo
67%
Suécia
67%
Tanzânia
67%
Alemanha
50%
Áustria
50%
Bolívia
50%
Burundi
50%
Catar
50%
Cazaquistão
50%
Colômbia
50%
Côte d'Ivoire
50%
Gabão
50%
Macedónia do Norte
50%
Malta
50%
Marrocos
50%
Tajiquistão
50%
Turquemenistão
50%
Uzbequistão
50%
Fiji
33%
Guiné-Bissau
33%
Romênia
33%
Albânia
0%
Andorra
0%
Antígua e Barbuda
0%
Argélia
0%
Argentina
0%
Armênia
0%
Bahrein
0%
Bélgica
0%
Belize
0%
Birmânia
0%
Brunei
0%
Bulgária
0%
Burkina Faso
0%
Camarões
0%
Camboja
0%
Chade
0%
Chéquia
0%
Chile
0%
Comores
0%
Coreia do Sul
0%
Dominica
0%
El Salvador
0%
Emirados Árabes Unidos
0%
Eslováquia
0%
Eslovénia
0%
Espanha
0%
Estônia
0%
Gâmbia
0%
Granada
0%
Guatemala
0%
Guiné Equatorial
0%
Haiti
0%
Hungria
0%
Ilhas Marshall
0%
Ilhas Salomão
0%
Índia
0%
Indonésia
0%
Irão
0%
Jamaica
0%
Japão
0%
Jordânia
0%
Kosovo
0%
Laos
0%
Líbano
0%
Libéria
0%
Lituânia
0%
Malásia
0%
Malawi
0%
Maldivas
0%
México
0%
Moldávia
0%
Níger
0%
Nigéria
0%
Noruega
0%
Nova Zelândia
0%
Omã
0%
Palau
0%
Papua Nova Guiné
0%
Paquistão
0%
Polônia
0%
Quirguistão
0%
República Centro-Africana
0%
República Dominicana
0%
Ruanda
0%
Samoa
0%
Santa Lúcia
0%
São Cristóvão e Nevis
0%
São Tomé e Príncipe
0%
São Vicente e Granadinas
0%
Senegal
0%
Serra Leoa
0%
Suíça
0%
Suriname
0%
Tailândia
0%
Taiwan
0%
Tonga
0%
Trinidad e Tobago
0%
Tunísia
0%
Tuvalu
0%
Vanuatu
0%
Venezuela
0%
Vietname
0%
Zâmbia
0%
Zimbábue
0%

Distribuição das Pontuações

Percentil de Números Respondidos

Porcentagem de Pessoas com Cada Pontuação

Sua Pontuação Histórica

Você não jogou esse quiz